000 00662cam a2200193 i 4500
005 20251109113600.0
008 250721s2024 jo gr 000 0 ara d
020 _a9789779924137
082 1 4 _a155.25
_bص و ف
100 1 _aصوفي، زينا
_eمؤلف.
245 1 0 _aقوة الثقة بالنفس :
_b31 قاعدة لتعزيز الثقة بالنفس /
_cمؤلف.
250 _aالطبعة الأولى.
264 3 1 _aالقاهرة :
_bعصير الكتب للنشر و التوزيع،
_c2024.
300 _a230 صفحة.
650 1 7 _aالشخصية.
650 1 7 _aالثقة بالنفس.
942 _2ddc
_cBK
999 _c146948
_d146948